000 00286nam a22001337a 4500
008 171023b xxu||||| |||| 00| 0 eng d
020 _a9780787908270
041 _aeng
080 _a658
100 _a54
101 _aLID
245 _aGRASSROOTS LEADERS
_cHENTON,D
942 _2udc
_cBK
999 _c35393
_d35393